[Event "2. Bundesliga West 2019/20"]
[Site "Kufstein; NMS II, Sporthalle Fischergries"]
[Date "2020.03.08"]
[Round "11"]
[Board "1"]
[White "Frank, Emanuel"]
[Black "Eybl, Alexander"]
[Result "1/2-1/2"]
[WhiteElo "2295"]
[BlackElo "2288"]
[PlyCount "59"]
[EventDate "2019.10.04"]
[EventType "team"]
[EventRounds "11"]
[EventCountry "AUT"]
[WhiteTeam "ASK Salzburg"]
[BlackTeam "Pradl"]

1. d4 c5 2. d5 g6 3. c4 Bg7 4. Nc3 Bxc3+ 5. bxc3 f5 6. e4 fxe4 7. f3 e5 8. Qc2
d6 9. fxe4 Qh4+ 10. g3 Qe7 11. Bh3 Bxh3 12. Nxh3 h6 13. O-O Nd7 14. Rb1 b6 15.
Qa4 Ngf6 16. Rxb6 axb6 17. Qxa8+ Qd8 18. Qa4 g5 19. Nf2 O-O 20. Qd1 Qe8 21. h4
Qg6 22. hxg5 hxg5 23. Qd2 g4 24. Qg5 Kg7 25. Kg2 Ra8 26. a3 Ra4 27. Qe3 Rxc4
28. Rh1 Nxe4 29. Rh6 Qf5 30. Nxe4  1/2-1/2

[Event "2. Bundesliga West 2019/20"]
[Site "Kufstein; NMS II, Sporthalle Fischergries"]
[Date "2020.03.08"]
[Round "11"]
[Board "2"]
[White "Meier, Alexander"]
[Black "Burschowsky, Matthias"]
[Result "1-0"]
[WhiteElo "2206"]
[BlackElo "2249"]
[PlyCount "137"]
[EventDate "2019.10.04"]
[EventType "team"]
[EventRounds "11"]
[EventCountry "AUT"]
[WhiteTeam "Pradl"]
[BlackTeam "ASK Salzburg"]

1. e4 c5 2. Nc3 g6 3. f4 Nc6 4. Nf3 Bg7 5. Bb5 Nd4 6. O-O a6 7. Bd3 d6 8. Nxd4
cxd4 9. Ne2 Nf6 10. Kh1 O-O 11. Nxd4 Nxe4 12. Bxe4 Bxd4 13. Qf3 Rb8 14. c3 Bg7
15. f5 b5 16. d4 b4 17. Bg5 bxc3 18. bxc3 d5 19. Bxd5 Bxf5 20. Rfe1 Bg4 21.
Qxg4 Qxd5 22. Bxe7 Rfe8 23. Qg3 Bh6 24. Bd6 Rxe1+ 25. Rxe1 Rd8 26. Bc5 Bd2 27.
Re2 Qxa2 28. h4 Qa1+ 29. Kh2 Qxc3 30. Qf2 Bh6 31. Qf6 Ra8 32. Rf2 Qc4 33. h5
Qd5 34. hxg6 hxg6 35. g4 Bg5 36. Qf3 Qxf3 37. Rxf3 a5 38. d5 a4 39. d6 Ra5 40.
Rc3 Ra8 41. d7 Rd8 42. Rd3 f5 43. gxf5 gxf5 44. Bb6 Kf7 45. Bxd8 Bxd8 46. Re3
a3 47. Rxa3 Ke6 48. Rd3 Ke5 49. Kg2 Ke6 50. Kf3 Ke5 51. Rd1 Ke6 52. Rd4 Ke5 53.
Ke3 Ke6 54. Kd3 Ke5 55. Kc4 Ke6 56. Kc5 Ke5 57. Rd5+ Ke6 58. Kc6 f4 59. Rd1 Ke5
60. Re1+ Kd4 61. Re8 Bg5 62. Rg8 Be7 63. Rf8 Bxf8 64. d8=Q+ Ke3 65. Qe8+ Kf2
66. Qxf8 f3 67. Kd5 Kg2 68. Qg7+ Kf1 69. Ke4  1-0

[Event "2. Bundesliga West 2019/20"]
[Site "Kufstein; NMS II, Sporthalle Fischergries"]
[Date "2020.03.08"]
[Round "11"]
[Board "3"]
[White "Juergens, Klaus"]
[Black "Doskocil, Klaus"]
[Result "1-0"]
[WhiteElo "2121"]
[BlackElo "2188"]
[PlyCount "89"]
[EventDate "2019.10.04"]
[EventType "team"]
[EventRounds "11"]
[EventCountry "AUT"]
[WhiteTeam "ASK Salzburg"]
[BlackTeam "Pradl"]

1. Nf3 d6 2. d4 g6 3. c4 Bg7 4. g3 Nd7 5. Bg2 c5 6. O-O Ngf6 7. Nc3 O-O 8. b3
Rb8 9. Bb2 Ne8 10. Qd2 Nc7 11. Rac1 a6 12. dxc5 Nxc5 13. b4 N5e6 14. Rfd1 b6
15. e4 Bb7 16. Nd5 Ne8 17. Bxg7 N8xg7 18. Qh6 f6 19. h4 Qe8 20. Qe3 b5 21. cxb5
axb5 22. Bh3 Bc8 23. Qa7 Rb7 24. Qa8 f5 25. exf5 Nxf5 26. Bxf5 gxf5 27. Re1 Kf7
28. Rc3 Qd7 29. Ng5+ Nxg5 30. Rxe7+ Qxe7 31. Nxe7 Rxe7 32. Rxc8 Rxc8 33. Qxc8
Nf3+ 34. Kg2 Nd4 35. Qh8 Re4 36. f3 Re2+ 37. Kf1 Rd2 38. Qxh7+ Ke8 39. Qg6+ Kd7
40. h5 Kc7 41. h6 Nxf3 42. Qg7+ Kb6 43. Qc3 Nh2+ 44. Kg1 Nf3+ 45. Qxf3  1-0

[Event "2. Bundesliga West 2019/20"]
[Site "Kufstein; NMS II, Sporthalle Fischergries"]
[Date "2020.03.08"]
[Round "11"]
[Board "4"]
[White "Wohlfahrt, Herbert"]
[Black "Scheiblmaier, Robert"]
[Result "1-0"]
[WhiteElo "2265"]
[BlackElo "2177"]
[PlyCount "78"]
[EventDate "2019.10.04"]
[EventType "team"]
[EventRounds "11"]
[EventCountry "AUT"]
[WhiteTeam "Pradl"]
[BlackTeam "ASK Salzburg"]

1. Nf3 d5 2. c4 e6 3. g3 Nf6 4. Bg2 c5 5. cxd5 exd5 6. d4 Nc6 7. Nc3 Be7 8. O-O
O-O 9. dxc5 Bxc5 10. a3 d4 11. Na4 Be7 12. b4 Bg4 13. Bb2 Qd7 14. Nxd4 Nxd4 15.
Bxd4 Rad8 16. Bb2 Qxd1 17. Rfxd1 b5 18. Nc3 a6 19. h3 Be6 20. Bb7 Bc8 21. Rxd8
Rxd8 22. Bxc8 Rxc8 23. Rd1 Rd8 24. Rxd8+ Bxd8 25. e4 Nd7 26. Nd5 Nb6 27. Nxb6
Bxb6 28. Kf1 g6 29. f4 f5 30. exf5 gxf5 31. g4 Be3 32. gxf5 Bxf4 33. Ke2 Kf7
34. Kf3 Bd2 35. Ke4 Ke7 36. Kd5 Kd7 37. f6 Be3 38. Bd4 Bg5 39. Ke5 Bc1  1-0

[Event "2. Bundesliga West 2019/20"]
[Site "Kufstein; NMS II, Sporthalle Fischergries"]
[Date "2020.03.08"]
[Round "11"]
[Board "5"]
[White "Herrmann, Michael"]
[Black "Blaas, Hansjoerg"]
[Result "1/2-1/2"]
[WhiteElo "2123"]
[BlackElo "2217"]
[PlyCount "106"]
[EventDate "2019.10.04"]
[EventType "team"]
[EventRounds "11"]
[EventCountry "AUT"]
[WhiteTeam "ASK Salzburg"]
[BlackTeam "Pradl"]

1. c4 e5 2. g3 Nc6 3. Bg2 Bc5 4. Nc3 Nf6 5. e3 d6 6. Nge2 O-O 7. h3 Bf5 8. d3
Re8 9. e4 Be6 10. Nd5 Bxd5 11. cxd5 Nd4 12. O-O c6 13. dxc6 bxc6 14. Be3 Rb8
15. b3 Qa5 16. Nxd4 Bxd4 17. Bxd4 exd4 18. f4 Rb5 19. Qe1 Qa6 20. Qd2 Nd7 21.
Rac1 Nc5 22. Rc4 Ra5 23. Rf2 d5 24. exd5 cxd5 25. Rxd4 Ne6 26. Rxd5 Rxd5 27.
Bxd5 Nd4 28. Kh2 Qb5 29. Bg2 h5 30. h4 Qc5 31. b4 Qd6 32. f5 Re5 33. f6 gxf6
34. Qh6 Nf5 35. Qxh5 Qxd3 36. Qg4+ Kf8 37. Qf3 Qd6 38. Qf4 Ne3 39. Bh3 Kg7 40.
a3 Nd5 41. Qg4+ Kf8 42. Rd2 f5 43. Qd4 Qe6 44. Bg2 Ne3 45. Qd6+ Qxd6 46. Rxd6
Ng4+ 47. Kg1 Re1+ 48. Bf1 Ra1 49. Rd3 Kg7 50. Rf3 Kf6 51. Kg2 Ra2+ 52. Kg1 Ra1
53. Kg2 Ra2+  1/2-1/2

[Event "2. Bundesliga West 2019/20"]
[Site "Kufstein; NMS II, Sporthalle Fischergries"]
[Date "2020.03.08"]
[Round "11"]
[Board "6"]
[White "Matt, Stefan"]
[Black "Flatz, Helmut"]
[Result "1-0"]
[WhiteElo "2189"]
[BlackElo "1877"]
[PlyCount "91"]
[EventDate "2019.10.04"]
[EventType "team"]
[EventRounds "11"]
[EventCountry "AUT"]
[WhiteTeam "Pradl"]
[BlackTeam "ASK Salzburg"]

1. e4 c6 2. d4 d5 3. f3 e6 4. Nc3 a6 5. Qd3 Qb6 6. Nge2 Bb4 7. Bf4 Ne7 8. a3
Bxc3+ 9. Nxc3 Qxb2 10. Rb1 Qxa3 11. Be2 Qa5 12. O-O b5 13. exd5 cxd5 14. Ra1
Qb6 15. Nxb5 O-O 16. Nc7 Ra7 17. Rfb1 Qc6 18. Rxb8 Ng6 19. Bg3 Rxc7 20. Bxc7
Qxc7 21. Rab1 Nf4 22. Qd2 Nxe2+ 23. Qxe2 Qc3 24. Qd3 Qxd3 25. cxd3 Bd7 26.
Rxf8+ Kxf8 27. Rb7 Bb5 28. Kf2 Bxd3 29. Ke3 Bf1 30. g3 g5 31. f4 h6 32. fxg5
hxg5 33. h4 gxh4 34. gxh4 Kg7 35. Kf4 Bd3 36. Kg5 a5 37. h5 a4 38. Ra7 a3 39.
h6+ Kg8 40. Rxa3 Bg6 41. Ra8+ Kh7 42. Rf8 e5 43. dxe5 d4 44. Rd8 d3 45. e6 d2
46. Rxd2  1-0